000 01438nam0a22003731 4500
001 rc\2986842
005 20250806211743.0
035 _a(NLR Aleph) 007131250
090 _a62166
_c62166
100 _a20110912d1943 u y0rusy50 ca
101 0 _arus
102 _aRU
105 _ay z |||||
135 _acrbn 008apadp
135 _acrbn 008apadp
135 _acrbn 008apadp
200 1 _aЛедовая дорога
_eЗаписки командира
_fЕвгений Федоров
210 _aЛенинград
_cГослитиздат
_d1943
215 _a160, [4] с.
_d17 см
325 _aКопия доступна в Электрон. б-ке РНБ
700 1 _aФедоров
_bЕ.А.
_f1897-1961
_gЕвгений Александрович
801 0 _aRU
_bNLR
_gpsbo
801 1 _aRU
_bELAR
_2rusmarc
852 _aNLR
_jИр50 Г-1/20
856 0 _uhttp://vivaldi.nlr.ru/ab000001815/view
856 1 _uhttp://vivaldi.nlr.ru/ab000001815/cover
856 2 _uhttp://vivaldi.nlr.ru/ab000001815/text
901 _eКнижные издания
942 _cBOOK
945 _aРоссийская национальная библиотека
980 _aNB
980 _aBV
981 3 7 _a(37) Ленинград в Великой Отечественной войне
_b(37) Книги блокадного Ленинграда
981 3 4 _a(34) Санкт-Петербург